Monitoring the world economy 1820-1992

Saved in:
Bibliographic Details
Main Author: Maddison, Angus
Corporate Author: OECD. Development Centre
Format: Book
Language:English
Published: Paris OECD 1999
Series:Development Centre studies
Subjects:
Tags: Add Tag
No Tags, Be the first to tag this record!

MARC

LEADER 00000nam a2200000 4500
001 c113996
005 20221108121924.3
020 |a 92-64-14549-4 
041 0 |a eng 
044 |a FR 
245 1 0 |a Monitoring the world economy 1820-1992  |c by Angus Maddison 
264 1 |a Paris  |b OECD  |c 1999 
300 |a 255 s. 
490 1 |a Development Centre studies 
830 0 |a Development Centre studies 
610 2 0 |a hospodárstvo svetové 
610 2 0 |a údaje štatistické medzinárodné 
610 2 0 |a ukazovatele ekonomické 
610 2 0 |a príjmy 
610 2 0 |a populácia 
610 2 0 |a produkty 
610 2 0 |a produkt domáci hrubý 
610 2 0 |a konjunktúra 
610 2 0 |a vývoz 
610 2 0 |a zamestnanosť 
610 2 0 |a čas pracovný 
610 2 0 |a produktivita práce 
610 2 0 |a situácia hospodárska 
610 2 0 |a politika hospodárska 
610 2 0 |a OECD 
610 2 0 |a 1820-1992 
100 1 |a Maddison, Angus 
710 2 |a OECD. Development Centre